1407 1759 1013 1154 1239 1512 1802 1443 1230 1743 1315 1075 1310 1767 1096 1087 1437 1241 1668 1413 1964 1694 1514 1029 1389 1370 1418 1727 1679 1099 1939 1278 1032 1826 1916 1607 1163 1644 1439 1421 1445 1532 1237 1591 1752 1692 1877 1066 1489 1609 1130 1284 1517 1972 1602 1783 1184 1910 1575 1339 1190 1016 1000 1975 1975 1896 1799 1399 1107 1271 1763 1757 1369 1370 1166 1270 1741 1422 1370 1232 1980 1450 1307 1094 1219 1124 1419 1930 1546 1733 1009 1068 1290 1492 1887 1005 1851 1646 1304 BCNSPRNW ULIB Ver.6.0+V

เปลี่ยนเป็นภาษาไทย

Change to English
 แสดงรายละเอียดบรรณานุกรม
  กลับหน้าหลัก

Brief Record : Get Marc (ISO 2709) : E-mail record : QR code < ปิดหน้าต่าง
LEADER : 00000nam 2200000uu 4500
001    13399126174
003     ULIB
008    020711s2560 th a 000 0 tha d
060    วจ^aWY20.5^bม142ร
100    ^aมธุรดา ม่วงมัน
245    ^aแรงงานทางอารมณ์ในการศึกษาพยาบาล:บทบาทครูและนักศึกษาพยาบาลในการจัดการเรียนการสอนบนหอผู้ป่วย : Emotional Labour in Nurse Education:Role of Lecturers and Nursing students in Teahing on Wards
260    ^aนครสวรรค์ :^bวิทยาลัยพยาบาลบรมราชชนนีสวรรค์ประชารักษ์ นครสวรรค์,^c2560
300    ^a44 หน้า;^b30 ซม.
650    ^aพยาบาล-การเรียนการสอน
710    ^aวิทยาลัยพยาบาลบรมราชชนนีสวรรค์ประชารักษ์ นครสวรรค์
945    ^p0^l0^i004287
945    ^p0^l0^i004288
999    ^aประนอม เกษจรัล
รายการนี้ยังไม่มีแท็ก
คุณยังไม่ได้ล็อกอิน คุณสามารถมีกิจกรรมร่วมกับเว็บไซต์ได้ แต่ต้องล็อกอินก่อน ::
  ล็อกอิน

รายการสื่อสารสนเทศ

ลำดับที่ ประเภท เลขเรียก/บาร์โค้ด สถานที่ สถานะ
1. งานวิจัย
หนังสือสำรอง
สถานะ=หนังสือสำรอง
วจ WY20.5 ม142ร ฉ.1 
  Barcode: 004287
ห้องสมุดวิทยาเขตสวรรค์ประชารักษ์
►หนังสือทั่วไป
บนชั้น
2. งานวิจัย
งานวิจัย
วจ WY20.5 ม142ร ฉ.2 
  Barcode: 004288
ห้องสมุดวิทยาเขตสวรรค์ประชารักษ์
►หนังสือทั่วไป
บนชั้น

รายการใกล้เคียง
    หัวเรื่อง [พยาบาล-การเรียนการสอน]

BibComment


ยังไม่เคยถูกคอมเมนท์

คอมเมนท์ทรัพยากรรายการนี้
  คอมเมนท์: แรงงานทางอารมณ์ใ..


 Copyright 2026. Bcnsprnw @Library